FFX Monster Arena Quiz Stats

 Plays Quiz not verified by Sporcle

Challenge
Share
Tweet
Embed
Score 0/137 Timer 20:00
0 Plays Today
Area Fiend Name % Correct
BesaidWater Flan
83.3%
Mushroom Rock RoadThunder Flan
72.9%
MacalaniaIce Flan
72.9%
Calm LandsFlame Flan
72.9%
Mt. GagazetDark Flan
70.8%
Species ConquestJumbo Flan
68.8%
KilikaYellow Element
64.6%
Djose RoadSnow Flan
64.6%
BesaidDingo
60.4%
Mi'ihen HighroadWhite Element
60.4%
MacalaniaBlue Element
60.4%
MacalaniaChimera
60.4%
Sunken CaveTonberry
60.4%
Mt. GagazetBehemoth
60.4%
Inside SinBehemoth King
60.4%
Omega DungeonMaster Tonberry
60.4%
Area ConquestDon Tonberry
60.4%
Mi'ihen HighroadBomb
58.3%
Mushroom Rock RoadRed Element
58.3%
Thunder PlainsIron Giant
58.3%
Species ConquestBomb King
58.3%
Top SecretNemesis
58.3%
BikanelCactuar
56.3%
Area ConquestCactuar King
56.3%
Calm LandsMalboro
54.2%
Inside SinGreat Malboro
54.2%
Area ConquestMalboro Menace
54.2%
Thunder PlainsGold Element
52.1%
BikanelZu
52.1%
Species ConquestNega Elemental
52.1%
BikanelSand Worm
50%
Inside SinGemini 1
50%
Inside SinGemini 2
50%
Omega DungeonBlack Element
50%
Sunken CaveDark Element
47.9%
Calm LandsChimera Brain
45.8%
OriginalEarth Eater
45.8%
BesaidCondor
43.8%
Djose RoadOchu
43.8%
Djose RoadBasilisk
41.7%
Thunder PlainsQactuar
41.7%
Sunken CaveGhost
41.7%
Mushroom Rock RoadGaruda
39.6%
MacalaniaWasp
39.6%
Calm LandsCoeurl
39.6%
Mt. GagazetGrenade
39.6%
Area Fiend Name % Correct
OriginalShinryu
39.6%
Sunken CaveImp
37.5%
Mi'ihen HighroadDual Horn
35.4%
Djose RoadBite Bug
35.4%
Calm LandsOgre
35.4%
Inside SinAdamantoise
35.4%
Mt. GagazetBandersnatch
33.3%
Species ConquestFenrir
33.3%
Mushroom Rock RoadFunguar
31.3%
Area ConquestChimerageist
31.3%
OriginalGreater Sphere
31.3%
OriginalNeslug
31.3%
OriginalUltima Buster
31.3%
KilikaRagora
29.2%
Thunder PlainsLarva
29.2%
Calm LandsAnacondaur
29.2%
Mt. GagazetBashura
29.2%
Mt. GagazetMandragora
29.2%
OriginalCatastrophe
29.2%
KilikaKiller Bee
27.1%
Mi'ihen HighroadMi'ihen Fang
27.1%
Djose RoadSimurgh
27.1%
Inside SinDemonolith
27.1%
Omega DungeonMaster Coeurl
27.1%
Species ConquestOne-Eye
27.1%
MacalaniaEvil Eye
25%
Inside SinWraith
25%
Omega DungeonFloating Death
25%
OriginalTh'uban
25%
KilikaDinonix
22.9%
Mi'ihen HighroadRaldo
22.9%
MacalaniaSnow Wolf
22.9%
Mt. GagazetSplasher
22.9%
Area ConquestKottos
22.9%
Species ConquestTanket
22.9%
Species ConquestFafnir
22.9%
Mi'ihen HighroadFloating Eye
20.8%
Calm LandsShred
20.8%
Mt. GagazetAhriman
20.8%
Mt. GagazetGrat
20.8%
Omega DungeonPuroboros
20.8%
Area ConquestCoeurlregina
20.8%
Species ConquestHornet
20.8%
Species ConquestSleep Sprout
20.8%
Species ConquestJuggernaut
20.8%
Species ConquestIronclad
20.8%
Area Fiend Name % Correct
Sunken CaveThorn
18.8%
Mt. GagazetGrendel
18.8%
Omega DungeonVaruna
18.8%
Area ConquestJormungand
18.8%
Area ConquestCatoblepas
18.8%
Thunder PlainsKusariqqu
16.7%
MacalaniaMafdet
16.7%
BikanelSand Wolf
16.7%
Omega DungeonSpirit
16.7%
Area ConquestAbyss Worm
16.7%
Area ConquestAbaddon
16.7%
Area ConquestVorban
16.7%
Species ConquestOrnitholestes
16.7%
Species ConquestPteryx
16.7%
Djose RoadGarm
14.6%
MacalaniaIguion
14.6%
MacalaniaXiphos
14.6%
Sunken CaveNidhogg
14.6%
Sunken CaveValaha
14.6%
Sunken CaveEpaaj
14.6%
Inside SinBarbatos
14.6%
Mushroom Rock RoadRaptor
12.5%
Mushroom Rock RoadLamashtu
12.5%
BikanelMushussu
12.5%
Inside SinExoray
12.5%
Omega DungeonHalma
12.5%
Area ConquestStratoavis
12.5%
Area ConquestEspada
12.5%
Mushroom Rock RoadGandarewa
10.4%
Djose RoadBunyip
10.4%
Thunder PlainsAerouge
10.4%
BikanelAlcyone
10.4%
Calm LandsSkoll
10.4%
Calm LandsNebiros
10.4%
Sunken CaveYowie
10.4%
Mt. GagazetMaelspike
10.4%
Omega DungeonMachea
10.4%
Species ConquestVidatu
10.4%
Thunder PlainsMelusine
8.3%
Omega DungeonZaurus
8.3%
Mi'ihen HighroadIpiria
6.3%
Mi'ihen HighroadVouivre
6.3%
Thunder PlainsBuer
6.3%
MacalaniaMurussu
6.3%
Mt. GagazetAchelous
4.2%

You're not logged in!

Compare scores with friends on all Sporcle quizzes.
Join for Free
OR
Log In

You Might Also Like...

Show Comments

Extras

Top Quizzes Today


Score Distribution

Your Account Isn't Verified!

In order to create a playlist on Sporcle, you need to verify the email address you used during registration. Go to your Sporcle Settings to finish the process.

Report this User

Report this user for behavior that violates our Community Guidelines.

Details: